| 000 | 01730nam a22003135i 4500 | ||
|---|---|---|---|
| 001 | 168764 | ||
| 003 | ES-MaACL | ||
| 005 | 20251216165939.0 | ||
| 008 | 210816s1993 sp a 001 0dspa d | ||
| 020 | _a84-7664-404-3 | ||
| 080 | _a75 Miró, Joan (064) | ||
| 080 | _a7.036/.038(460)(083.824) | ||
| 245 | 0 | 0 |
_aVer a Miró : _bla irradiación de Miró en el arte español : exposición organizada por la Fundación "la Caixa", 15 de abril-6 de junio 1993, Sala de Exposiciones de la Fundación "la Caixa" / _c[autores, Juan Manuel Bonet, Victoria Combalía, Michèle Dalmace, Joan Minguet]. |
| 260 |
_aBarcelona : _bFundación "Ia Caixa", _c[1993] |
||
| 300 |
_a231 p. : _bil. col. ; _c30 cm. |
||
| 505 | 8 | _aContiene: Los años 20-30: el impacto del primer Miró / Victoria Combalía . Joan Miró: "faro" de la generación abstracta / Juan Manuel Bonet . Los años 60-70: años de contestación / Michèle Dalmace-Rognon . Miró en los años 70-80 / Victoria Combalía . Joan Miró en el arte español: una aproximación cronológica (1918-1983) / Joan M. Minguet Batllori . Biografías | |
| 546 | _aBiografías en español e inglés. | ||
| 600 | 0 | 4 |
_aMiró, Joan, _d1893-1983- _vExposiciones _981605 |
| 650 | 4 |
_aArte español- _yS.XX- _vExposiciones. _910206 |
|
| 655 | 7 |
_2tgfbne _9193628 _aCatálogos de exposiciones |
|
| 700 | 1 |
_aBonet, Juan Manuel. _930121 |
|
| 700 | 1 |
_aCombalia, Victòria, _d1952- _9173256 |
|
| 700 | 1 |
_aDalmace, Michèle. _942501 |
|
| 700 | 1 |
_aMinguet i Batllori, Joan M ( _d1958-) _9173257 |
|
| 710 | 2 |
_aFundació "la Caixa" _9173255 |
|
| 852 | 4 |
_aES-MaACL _jA-14712 _9175311 _bR.151970 _cDEPO1 _dOlim: N-7712 _hDonación: Editorial |
|
| 942 |
_2udc _cMONOGRAFIA |
||
| 999 |
_c168764 _d168764 |
||